000 00811nam a22002057a 4500
003 0
005 20250915120321.0
008 250915b xxu||||| |||| 00| 0 eng d
020 _a978-981-12-8911-8
050 _aQA 76.9.P37
_b.E64 2025
245 _aEmerging topics in pattern recognition and artificial intelligence /
_cMounim A El-Yacoubi, Nicole Vincent, and Camille Kurtz, editors.
260 _aSingapore :
_bWorld Scientific Publishing Co. Pte. Ltd.,
_c2025.
300 _axiii, 327 pages :
_bcolored illustrations ;
_c24 cm.
440 _aLanguage Processing, Pattern Recofnition, and Intelligent Systemns
_vvol. 9
504 _aIncludes bibliographical references.
650 _aPattern recognition systems.
650 _aArtificial intelligence.
650 _aMachine learning.
942 _2lcc
_cBK
999 _c367949
_d367949